000 00381nam a2200145Ia 4500
008 230312s9999||||xx |||||||||||||| ||und||
082 _a658.3
_bCZA-C
100 _aCzarnecka Barbara
245 0 _aCross - Cultural Advertising
260 _bMiddlesex University
_aLondon
_c2006
300 _a110
546 _aEng.
650 _aManagement
_vCulture and Cultural Values
942 _cBK
999 _c4751
_d4751